A Present for santa / (Record no. 101999)
[ view plain ]
| 000 -LEADER | |
|---|---|
| fixed length control field | 00370nam a2200145 a 4500 |
| 005 - DATE AND TIME OF LATEST TRANSACTION | |
| control field | 20140412111224.0 |
| 008 - FIXED-LENGTH DATA ELEMENTS--GENERAL INFORMATION | |
| fixed length control field | 110407s19uu xx 00 eng d |
| 050 ## - LIBRARY OF CONGRESS CALL NUMBER | |
| Classification number | ER |
| Item number | Pr88 |
| 100 ## - MAIN ENTRY--PERSONAL NAME | |
| Personal name | Patience, John |
| 245 ## - TITLE STATEMENT | |
| Title | A Present for santa / |
| Statement of responsibility, etc | John patience. |
| 260 ## - PUBLICATION, DISTRIBUTION, ETC. (IMPRINT) | |
| Place of publication, distribution, etc | China : |
| Name of publisher, distributor, etc | Peter Haddock. |
| 300 ## - PHYSICAL DESCRIPTION | |
| Extent | unp. |
| 440 ## - SERIES STATEMENT/ADDED ENTRY--TITLE | |
| Title | stories for christmas |
| Withdrawn status | Lost status | Damaged status | Home library | Current library | Shelving location | Date acquired | Source of acquisition | Total Checkouts | Full call number | Barcode | Date last seen | Price effective from | Koha item type |
|---|---|---|---|---|---|---|---|---|---|---|---|---|---|
| Elizalde Library | Elizalde Library | Easy Reading Section | 04/07/2011 | ER Pr88 | E0269 | 04/12/2014 | 04/12/2014 | Books |